000 00819cab a2200241 4500
001 WB3425-56
008 090401t1998 xxu||||| |||| 00| 0 eng d
035 _a(Sirsi) u87204
041 _aeng
245 _aAdvance in client protection
260 _c1998
350 _a0
490 _aRICS Press Release
_v(pr45.corp) 30 June 1998
490 _aEstates Gazette
_v(9827) 4 July 1998, 34(3)
520 _aPrivy Council has now approved The RICS reforms that provide chartered surveyors` clients with a clearer and more efficient complaints handling system. Effective from 24 June 1998.
650 _aABOUT RICS-RICS MEMBERS
650 _aCLIENTS
650 _aCOMPLAINTS PROCEDURES
650 _aRICS
690 _aMANAGEMENT-BUSINESS MANAGEMENT-PROFESSIONAL PRACTICE
942 _n0
948 _c03/07/1998
999 _c54986
_d54986